Gina Carano Filmography - Statistics

General Stats
  • This quiz has been taken 10 times
  • The average score is 5 of 17
Answer Stats
Group Year Answer % Correct
Movie 2016 Deadpool
75%
Movie 2013 Fast and Furious 6
75%
Movie 2011 Haywire
75%
Movie 2015 Extraction
50%
Movie 2015 Heist
50%
Movie 2016 Kickboxer: Vengeance
50%
Web Series 2019-2020 The Mandalorian
50%
Web Series 2020 Earth to Ned
25%
Video Game 2013 Fast and Furious: Showdown
25%
TV Series 2021 Running Wild With Bear Grylls
25%
TV Series 2014 Almost Human
0%
Movie 2009 Blood and Bone
0%
Video Game 2008 Command and Conquer: Red Alert 3
0%
Movie 2019 Daughter of the Wolf
0%
Movie 2014 In the Blood
0%
Movie 2019 Madness in the Method
0%
Movie 2018 Scorched Earth
0%
No matching quizzes found
Score Distribution
Percent of People with Each Score
Percentile by Number Answered
Your Score History
You have not taken this quiz